Discus Throw World Leads by Year - Statistics

General Stats
  • This quiz has been taken 13 times
  • The average score is 29 of 100
Answer Stats
Year Men Result Country % Correct
2017 Daniel Ståhl 71.29 Sweden
82%
2016 Daniel Ståhl 68.72 Sweden
82%
2010 Gerd Kanter 71.45 Estonia
73%
2009 Gerd Kanter 71.64 Estonia
73%
2008 Gerd Kanter 71.88 Estonia
73%
2007 Gerd Kanter 72.02 Estonia
73%
2006 Gerd Kanter 73.38 Estonia
73%
1992 Jürgen Schult 69.04 Germany
73%
1988 Jürgen Schult 70.46 East Germany
73%
1987 Jürgen Schult 69.52 East Germany
73%
1986 Jürgen Schult 74.08 East Germany
73%
2012 Robert Harting 70.66 Germany
73%
2005 Virgilijus Alekna 70.67 Lithuania
64%
2004 Virgilijus Alekna 70.97 Lithuania
64%
2001 Virgilijus Alekna 70.99 Lithuania
64%
2000 Virgilijus Alekna 73.88 Lithuania
64%
2015 Piotr Malachowski 68.29 Poland
55%
2014 Piotr Malachowski 69.28 Poland
55%
2013 Piotr Malachowski 71.84 Poland
55%
2017 Sandra Perkovic 71.41 Croatia
55%
2016 Sandra Perkovic 70.88 Croatia
55%
2014 Sandra Perkovic 71.08 Croatia
55%
2013 Sandra Perkovic 68.96 Croatia
55%
2012 Sandra Perkovic 69.11 Croatia
55%
1999 Lars Riedel 69.18 Germany
45%
1997 Lars Riedel 71.50 Germany
45%
1995 Lars Riedel 69.08 Germany
45%
1993 Lars Riedel 68.42 Germany
45%
1980 Mac Wilkins 70.98 United States
36%
1979 Mac Wilkins 70.66 United States
36%
1977 Mac Wilkins 69.20 United States
36%
1976 Mac Wilkins 70.86 United States
36%
2010 Nadine Müller 67.78 Germany
36%
1974 Rickard Bruch 68.16 Sweden
36%
1973 Rickard Bruch 67.58 Sweden
36%
1972 Rickard Bruch 68.40 Sweden
36%
1970 Rickard Bruch 67.14 Sweden
36%
1969 Rickard Bruch 68.06 Sweden
36%
2003 Róbert Fazekas 70.78 Hungary
36%
2002 Róbert Fazekas 71.70 Hungary
36%
1996 Anthony Washington 71.14 United States
27%
2015 Denia Caballero 70.65 Cuba
27%
2007 Franka Dietzsch 68.06 Germany
27%
2006 Franka Dietzsch 68.51 Germany
27%
1998 Franka Dietzsch 68.91 Germany
27%
1998 John Godina 69.91 United States
27%
1984 John Powell 71.26 United States
27%
1981 John Powell 69.98 United States
27%
1975 John Powell 69.08 United States
27%
1990 Romas Ubartas 68.34 Soviet Union
27%
1989 Wolfgang Schmidt 70.92 West Germany
27%
1978 Wolfgang Schmidt 71.16 East Germany
27%
1994 Attila Horváth 68.58 Hungary
18%
1988 Gabriele Reinsch 76.80 East Germany
18%
1996 Ilke Wyludda 69.66 Germany
18%
1990 Ilke Wyludda 71.10 East Germany
18%
1989 Ilke Wyludda 74.56 East Germany
18%
1985 Imrich Bugár 71.26 Czechoslovakia
18%
1971 Jay Silvester 70.38 United States
18%
1968 Jay Silvester 68.40 United States
18%
1982 Luis Delís 70.58 Cuba
18%
2008 Nicoleta Grasu 66.51 Romania
18%
2000 Nicoleta Grasu 68.70 Romania
18%
1984 Zdeňka Šilhavá 74.56 Czechoslovakia
18%
2011 Zoltán Kovágó 69.50 Hungary
18%
1994 Daniela Costian 68.58 Australia
9%
1987 Diana Gansky 74.08 East Germany
9%
1986 Diana Gansky 73.26 East Germany
9%
1981 Evelin Jahl 71.46 East Germany
9%
1979 Evelin Jahl 68.82 East Germany
9%
1978 Evelin Jahl 70.72 East Germany
9%
2004 Irina Yatchenko 69.14 Belarus
9%
2011 Li Yanfeng 67.98 China
9%
2009 Li Yanfeng 66.40 China
9%
1980 Maria Petkova 71.80 Bulgaria
9%
1991 Mike Buncic 69.36 United States
9%
2003 Natalya Sadova 69.38 Russia
9%
2002 Natalya Sadova 67.73 Russia
9%
2001 Natalya Sadova 68.57 Russia
9%
1999 Natalya Sadova 70.02 Russia
9%
2005 Vera Cechlová 66.81 Czech Republic
9%
1972 Argentina Menis 67.32 Romania
0%
1976 Faina Melnik 70.50 Soviet Union
0%
1975 Faina Melnik 70.20 Soviet Union
0%
1974 Faina Melnik 69.90 Soviet Union
0%
1973 Faina Melnik 69.48 Soviet Union
0%
1971 Faina Melnik 64.88 Soviet Union
0%
1985 Galina Savinkova 72.96 Soviet Union
0%
1983 Galina Savinkova 73.26 Soviet Union
0%
1982 Irina Meszynski 71.40 East Germany
0%
1970 Karin Illgen 63.66 East Germany
0%
1993 Larisa Korotkevich 68.14 Russia
0%
1969 Liesel Westermann 63.96 West Germany
0%
1968 Liesel Westermann 62.54 West Germany
0%
1995 Mette Bergman 69.98 Norway
0%
1977 Sabine Engel 68.92 East Germany
0%
1991 Tsvetanka Khristova 71.02 Bulgaria
0%
1997 Xiao Yanling 70.00 China
0%
1992 Xiao Yanling 71.68 China
0%
1983 Yuriy Dumchev 71.86 Soviet Union
0%
No matching quizzes found
Score Distribution
Percent of People with Each Score
Percentile by Number Answered
Your Score History
You have not taken this quiz